| 000 | 00531nam a22001817a 4500 | ||
|---|---|---|---|
| 003 | NUST | ||
| 005 | 20260415130143.0 | ||
| 008 | 260415b ||||| |||| 00| 0 eng d | ||
| 020 | _a 978-1482289237 | ||
| 082 |
_a526.0285 _bKRA |
||
| 100 |
_aMenno-Jan Kraak, Allan Brown. _9134143 |
||
| 245 |
_aWeb Cartography / _bDevelopment and Prospects / _cMenno-Jan Kraak, Allan Brown. |
||
| 250 | _a1st Edition | ||
| 260 |
_aLondon: _bTaylor and Francis, _c2001. |
||
| 300 |
_a213 p ; _c28.00 cm |
||
| 563 | _aPaperback | ||
| 942 |
_2ddc _cBK |
||
| 999 |
_c617085 _d617085 |
||